स्मृतिसुगंधा (Record no. 490185)

MARC details
000 -LEADER
fixed length control field 00488nam a22001697a 4500
003 - CONTROL NUMBER IDENTIFIER
control field OSt
005 - DATE AND TIME OF LATEST TRANSACTION
control field 20120302145619.0
008 - FIXED-LENGTH DATA ELEMENTS--GENERAL INFORMATION
fixed length control field 090514t xxu||||| |||| 00| 0 eng d
035 ## - SYSTEM CONTROL NUMBER
System control number ४५६४
040 ## - CATALOGING SOURCE
Transcribing agency मराठी
245 ## - TITLE STATEMENT
Title स्मृतिसुगंधा
250 ## - EDITION STATEMENT
Edition statement १ ली
260 ## - PUBLICATION, DISTRIBUTION, ETC. (IMPRINT)
Place of publication, distribution, etc पुणे
Name of publisher, distributor, etc वरदा
Date of publication, distribution, etc १९८८
300 ## - PHYSICAL DESCRIPTION
Other physical details २८८ पाने
700 ## - ADDED ENTRY--PERSONAL NAME
Personal name अदवंत, म. ना. -संपा.
9 (RLIN) 5069
942 ## - ADDED ENTRY ELEMENTS (KOHA)
Source of classification or shelving scheme Dewey Decimal Classification
Koha item type Book
Holdings
Withdrawn status Lost status Source of classification or shelving scheme Damaged status Not for loan Home library Current library Date acquired Cost, normal purchase price Total Checkouts Barcode Date last seen Price effective from
    Dewey Decimal Classification     Dr. Bedekar Vidya Mandir Library Dr. Bedekar Vidya Mandir Library 05/14/2009 0.00   ४५६४ 03/19/2010 03/19/2010